000 00737nam a2200217Ia 4500
003 GCL
008 140319s9999 xx 000 0 ara d
040 _aGCL /
_cGCL
082 0 4 _a928.1
_bح ك
100 1 _aبشير البكوش
245 1 0 _aكتاب العمر فى المصنفات والمؤلفين التونسيين /
_cبشير البكوش
700 1 _aحسن حسنى عبدالوهاب
700 1 _aمحمد العمروسى المطوى
260 _aبيروت :
_bدار الغرب الاسلامى
300 _a999 ص ؛
_c24 سم
490 _a100 قصة
_v0
650 0 4 _aالادباء العرب
650 0 4 _aالرجال - تراجم
650 0 4 _aالادباء التونسيون
942 _2ddc
_cBK
999 _c44130
_d44130